00951nam a22002057a 45000010005000000030006000050050017000110080041000280200018000690400029000870500009001160820008001251000019001332450082001522600059002343000048002935200347003416500031006887000026007197493FISKH20250722094943.0250722b cb ||||| |||| 00| 0 eng d a9781108789882 aFISKHbengcFISKHdFISKH aPZ7  a420 aBudgell, Gill  aCambridge primary English : bLearner's book 2 /cGill Budgell & Kate Ruttle  aUnited Kingdom : bCambridge University Press, c2021. a247 pages : bcolor illustrations ; c28 cm aYour learners will develop their English skills as they explore science fiction stories, analyse news headlines and write their own original play script. You will find a wide range of international fiction, non-fiction, poetry and drama throughout the book to help your learners develop their understanding of different genres and text types. aEnglish vExplorexDevelop aRuttle, KateeAuthor